| 000 | 01417nam a2200409 i 4500 | ||
|---|---|---|---|
| 001 | 46809 | ||
| 003 | KOSZ 005 | ||
| 005 | 20230126122705.0 | ||
| 008 | 051110s2004 pl f |000 0 pol d | ||
| 020 | _a8371879342 | ||
| 040 |
_cKOSZ 005 _aKOSZ 005 _dKOSZ 005/HR |
||
| 041 | 0 | _apol | |
| 046 | _k2004 | ||
| 080 | _a347.77(4-67:438) | ||
| 080 | _a(083.1) | ||
| 100 | 1 |
_aKondrat, Mariusz _eAutor |
|
| 245 | 1 | 0 |
_aWłasność przemysłowa w Unii Europejskiej : _bznaki towarowe, patenty, SPC wzory przemysłowe, oznaczenia geograficzne : poradnik / _cMariusz Kondrat, Hanna Dreszer-Lichańska. |
| 260 |
_aGdańsk : _bOśrodek Doradztwa i Doskonalenia Kadr, _c2004. |
||
| 300 |
_a328 s. ; _c24 cm. |
||
| 336 |
_2rdacontent _aTekst _btxt |
||
| 337 |
_2rdamedia _aBez urządzenia pośredniczącego _bn |
||
| 338 |
_2rdacarrier _aWolumin _bnc |
||
| 380 | _aKsiążki | ||
| 388 | _a2001- | ||
| 648 | 7 | _a2001- | |
| 650 | 9 | _aPrawo Unii Europejskiej | |
| 650 | 9 | _aPrawo własności przemysłowej | |
| 650 | 9 | _aZnak towarowy | |
| 650 | 9 | _aPatenty | |
| 650 | 9 | _aWynalazki | |
| 651 | _aPolska | ||
| 655 | _aPoradnik | ||
| 658 | _aPrawo i wymiar sprawiedliwości | ||
| 700 | 1 |
_aDreszer-Lichańska, Hanna _eAutor |
|
| 856 |
_uhttp://koha.tu.koszalin.pl/cgi-bin/koha/opac-detail.pl?biblionumber=46809 _yKatalog online BPK |
||
| 942 |
_cKS _2UKD |
||
| 999 |
_c46809 _d46809 |
||